| 000 | 00648nam a2200229 a 4500 | ||
|---|---|---|---|
| 001 | 49767 | ||
| 003 | BD-RjUL | ||
| 005 | 20211209054727.0 | ||
| 008 | 160822s1960 ii b 001 0 eng d | ||
| 035 | _a(BD-RjUL)49887 | ||
| 040 |
_aNUN _beng _cNUN _dBD-RjUL |
||
| 041 | _aeng | ||
| 082 | 0 | 4 |
_a351.154 _223 _bROC 1960 |
| 100 | 1 |
_aRoy, Naresh Chandra. _9149192 |
|
| 245 | 1 | 4 |
_aThe civil service in India / _cNaresh Chandra Roy |
| 250 | _a2nd ed. | ||
| 260 |
_aCalcutta : _bK.L.Mukhopadhyay, _c1960. |
||
| 300 |
_axx, 355 p. ; _c23 cm. |
||
| 504 | _aIncludes index and bibliography | ||
| 650 | 0 |
_aCivil service _zIndia. _9148396 |
|
| 942 |
_2ddc _cBK |
||
| 999 |
_c49767 _d49767 |
||